| 000 | 00575nam a22002057a 4500 | ||
|---|---|---|---|
| 003 | OSt | ||
| 005 | 20150911110941.0 | ||
| 008 | 130601t xxu||||| |||| 00| 0 eng d | ||
| 020 | _a9710605151 | ||
| 050 |
_aPE 1130 _b.Se487 1971 |
||
| 082 |
_aFIL 415 _bSe6 1971 |
||
| 100 | _aSerrano, Josephine B. | ||
| 245 |
_aBetter english for college / _cJosephine B. Serrano, |
||
| 260 |
_aQuezon City, Philippines : _bPhoenix Publishing House Inc., _c1971. |
||
| 300 |
_a191 pages ; _c27 cm. |
||
| 526 | _c1210L-1700L | ||
| 562 | _e1 | ||
| 942 |
_2lcc _cBK _kFIL |
||
| 999 |
_c19133 _d19133 |
||